| 000 | 00530nam a22001937a 4500 | ||
|---|---|---|---|
| 003 | OSt | ||
| 005 | 20170410164612.0 | ||
| 008 | 170410b xxu||||| |||| 00| 0 eng d | ||
| 020 | _a9788122425536 | ||
| 040 | _cDMLN | ||
| 082 | _aQV744 k11a 2004 | ||
| 100 |
_aKar,Ashutash. _912097 |
||
| 245 | _aAdvanced Practical Medicinal Chemistry | ||
| 260 | _aNew Delhi;New Age International,2004 | ||
| 300 | _bxiv,317;ill;26cm. | ||
| 504 | _aindex included | ||
| 650 |
_amedicinal chemistry _93953 |
||
| 942 |
_2z _cSLOAN _h11/00004 |
||
| 999 |
_c5827 _d5827 |
||